|
|
|
|
| LEADER |
01009nam a2200277 a 4500 |
| 001 |
3770 |
| 003 |
BD-DhAAL |
| 005 |
20150307113324.0 |
| 008 |
150307s1997 nyua 001 0 eng |
| 010 |
|
|
|a 96046906
|
| 020 |
|
|
|a 0471309834 (pbk)
|
| 040 |
|
|
|a DLC
|c DLC
|d DLC
|d BD-DhAAL
|
| 050 |
0 |
0 |
|a TH4815
|b .H26 1997
|
| 082 |
0 |
0 |
|a 643/.7
|2 21
|
| 100 |
1 |
|
|a Hamilton, Katie.
|9 9138
|
| 245 |
1 |
0 |
|a Rules of thumb for home building, improvement, and repair /
|c Katie and Gene Hamilton.
|
| 260 |
|
|
|a New York :
|b J. Wiley & Sons,
|c c1997.
|
| 300 |
|
|
|a xiii, 213 p. :
|b ill. ;
|c 24 cm.
|
| 500 |
|
|
|a Includes index.
|
| 541 |
|
|
|e 3770
|
| 650 |
|
0 |
|a Dwellings
|x Remodeling
|x Amateurs' manuals.
|9 9139
|
| 650 |
|
0 |
|a Dwellings
|x Maintenance and repair
|x Amateurs' manuals.
|9 9140
|
| 700 |
1 |
|
|a Hamilton, Gene.
|9 9141
|
| 942 |
|
|
|2 ddc
|c BK
|
| 999 |
|
|
|c 33909
|d 33909
|
| 952 |
|
|
|0 0
|1 0
|2 ddc
|4 0
|6 643_700000000000000_HAM
|7 0
|9 52931
|a SCL
|b SCL
|c GEN
|d 2015-03-07
|e Gift: The Asia Foundation
|l 0
|o 643.7 HAM
|p 3020003770
|r 2015-03-07
|t 1
|w 2015-03-07
|y BK
|